[Event "Brasilia-ch op"]
[Site "Brasilia"]
[Date "2015.10.31"]
[Round "3"]
[White "De Moraes Silva, Marcos Vinicius"]
[Black "Machado, Leonardo Santos"]
[Result "1-0"]
[WhiteElo "1509"]
[BlackElo "1800"]
[PlyCount "85"]
[EventDate "2015.10.30"]
[EventType "swiss"]
[EventRounds "7"]
[EventCountry "BRA"]
[SourceTitle "CBM 169 Extra"]
[Source "ChessBase"]
[SourceDate "2015.12.18"]
[SourceVersion "1"]
[SourceVersionDate "2015.12.18"]
[SourceQuality "1"]

1. d4 Nf6 2. c4 g6 3. Nf3 Bg7 4. Bf4 Nc6 5. Nc3 0-0 6. e3 d6 7. h3 Bf5 8. Bd3 Bxd3 9. Qxd3 e6 10. a3 Re8 11. 0-0 d5 12. cxd5 exd5 13. Nb5 a6 14. Nxc7 Re7 15. Nxa8 Qxa8 16. Rfc1 Ne4 17. Ng5 Bf6 18. Nxe4 dxe4 19. Qc4 Na5 20. Qc8+ Qxc8 21. Rxc8+ Kg7 22. Bd6 Rd7 23. Bf8+ Kg8 24. Bb4+ Rd8 25. Rxd8+ Bxd8 26. Rc1 Nc6 27. Bd6 a5 28. d5 Ne7 29. Bxe7 Bxe7 30. Rc7 Bf6 31. Rxb7 a4 32. d6 Kg7 33. Rb6 Bd8 34. Ra6 f5 35. d7 Kf7 36. Rxa4 Ke7 37. Rd4 Bb6 38. Rd5 Kd8 39. Kf1 Bc7 40. b4 f4 41. exf4 Bxf4 42. Rd4 Bc1 43. a4 1-0

[Event "Brasilia-ch op"]
[Site "Brasilia"]
[Date "2015.10.31"]
[Round "2"]
[White "Machado, Leonardo Santos"]
[Black "Valcarcel, Victor Ignacio Sant"]
[Result "0-1"]
[WhiteElo "1800"]
[BlackElo "1604"]
[PlyCount "150"]
[EventDate "2015.10.30"]
[EventType "swiss"]
[EventRounds "7"]
[EventCountry "BRA"]
[SourceTitle "CBM 169 Extra"]
[Source "ChessBase"]
[SourceDate "2015.12.18"]
[SourceVersion "1"]
[SourceVersionDate "2015.12.18"]
[SourceQuality "1"]

1. e4 e5 2. Nf3 Nf6 3. Nc3 d6 4. d4 exd4 5. Nxd4 Be7 6. Bf4 b6 7. Bb5+ Bd7 8. Bc4 0-0 9. 0-0 c5 10. Ndb5 Bxb5 11. Nxb5 Nxe4 12. Qf3 d5 13. Rad1 Nf6 14. Nc7 Nbd7 15. Nxa8 Qxa8 16. Bxd5 Nxd5 17. Qxd5 Qxd5 18. Rxd5 Nf6 19. Rf5 Rd8 20. g3 Rd7 21. Bg5 h6 22. Bxf6 Bxf6 23. Re1 Bxb2 24. c4 Bf6 25. Rd5 Rc7 26. Red1 Bd4 27. Kg2 Kh7 28. Rd3 Re7 29. Rf3 f6 30. Rf4 Re2 31. a3 Re7 32. Kf3 Kg6 33. Rg4+ Kf7 34. Re4 Rc7 35. Rd8 Be5 36. Re3 Rb7 37. Red3 Bd4 38. Rb3 Re7 39. Rb8 Kg6 40. Kg4 Bxf2 41. a4 Be1 42. Rd3 Re4+ 43. Kf3 Rxc4 44. Re3 Bc3 45. Re4 Bd4 46. Rg4+ Kh7 47. Rb7 f5 48. Rf4 Rxa4 49. Rxf5 Ra2 50. Rh5 Kg6 51. g4 Ra5 52. Kf4 Ra4 53. Kg3 Ra3+ 54. Kf4 Be3+ 55. Kf3 Bg5+ 56. Ke4 c4 57. Rc7 b5 58. Rc6+ Kh7 59. Kf5 Rf3+ 60. Ke4 Rd3 61. Kf5 c3 62. h4 g6+ 63. Rxg6 Rf3+ 64. Ke4 Rf4+ 65. Kd3 Kxg6 66. Kxc3 Bf6+ 67. Kd3 b4 68. Ra5 b3 69. Rb5 b2 70. Kc2 Rf2+ 71. Kb1 Rf1+ 72. Kc2 Rc1+ 73. Kd3 b1Q+ 74. Rxb1 Rxb1 75. Ke4 a5 0-1